Matrix Computations

Saved in:
Bibliographic Details
Main Author: Golub, Gene H.
Other Authors: Van Loan, Charles F.
Format: Book
Language:English
Published: Baltimore Johns Hopkins University 1989
Edition:2. ed.
Tags: Add Tag
No Tags, Be the first to tag this record!

MARC

LEADER 00000nam a2200000 4500
001 c034752
005 20221215114140.8
041 0 |a eng 
044 |a US 
245 1 0 |a Matrix Computations  |c Gene H. Golub, Charles F. Van Loan 
250 |a 2. ed. 
264 1 |a Baltimore  |b Johns Hopkins University  |c 1989 
300 |a 642 s. 
100 1 |a Golub, Gene H. 
700 1 |a Van Loan, Charles F.